| 000 | 02639cam a22004098i 4500 | ||
|---|---|---|---|
| 001 | 23579923 | ||
| 003 | n | ||
| 005 | 20250929101527.0 | ||
| 008 | 240222s2024 nju 001 0 eng c | ||
| 010 | _a 2024006967 | ||
| 020 |
_a9781119984528 _q(hardback) |
||
| 020 |
_z9781394198313 _q(adobe pdf) |
||
| 020 |
_z9781394198306 _q(epub) |
||
| 035 | _a23579923 | ||
| 040 |
_aWaSeSS/DLC _beng _erda _cDLC |
||
| 042 | _apcc | ||
| 043 | _an-us--- | ||
| 050 | 0 | 0 |
_aHD7293 _b.M323 2024 |
| 082 | 0 | 0 |
_a333.3380973 M323 2024 _223/eng/20240316 |
| 100 | 1 |
_aMarohn, Charles L., _cJr., _eauthor. |
|
| 245 | 1 | 0 |
_aEscaping the housing trap : _bthe strong towns response to the housing crisis / _cCharles Marohn, Daniel Herriges. |
| 263 | _a2405 | ||
| 264 | 1 |
_aHoboken, New Jersey : _bWiley, _c[2024] |
|
| 300 | _a240 pages, 23 cm. | ||
| 336 |
_atext _btxt _2rdacontent |
||
| 337 |
_aunmediated _bn _2rdamedia |
||
| 338 |
_avolume _bnc _2rdacarrier |
||
| 500 | _aIncludes index. | ||
| 520 |
_a"Housing prices are at record highs, and millions of Americans are housing insecure in one form or another. Our housing markets are failing to provide the foundation for all Americans to have a dignified life they can afford in a good place with access to opportunity. Housing is a classic example of a "wicked problem" in planning and public policy: one involving a complex system with many interrelated parts, which does not yield to simple prescriptive fixes nor to pat ideological explanations. This is why, although nearly everyone agrees that we have a "housing crisis" today, there is no broad consensus on the nature and causes of that crisis, let alone what should be done about it. Escaping the Housing Trap: The Strong Towns Solution to the Housing Crisis will identify the tension between the "housing as a financial product" approach that dominates housing markets and the "housing as shelter" constraint that all of us as humans share. In the former, fiscal and monetary policy works to push the price up, combining with many local factors that also accelerate housing prices upward. Yet, to meet the shelter needs of Americans, prices need to come down, or at least be aligned with what people can broadly afford."-- _cProvided by publisher. |
||
| 650 | 0 |
_aHousing _zUnited States. |
|
| 650 | 0 |
_aHousing _xPrices _zUnited States. |
|
| 700 | 1 |
_aHerriges, Daniel, _eauthor. |
|
| 776 | 0 | 8 |
_iOnline version: _aMarohn, Charles L., Jr. _tEscaping the housing trap _dHoboken, New Jersey : Wiley, [2024] _z9781394198313 _w(DLC) 2024006968 |
| 906 |
_a7 _bcbc _corignew _d1 _eecip _f20 _gy-gencatlg |
||
| 942 |
_2ddc _cBK-EN _n0 |
||
| 999 |
_c7937 _d7937 |
||